Statistiques concernant Harry Potter - QCM personnages

Cliquez ici pour prendre le quiz!

Statistiques générales

  • Ce quiz a été pris 86 fois
  • Le résultat moyen est 7 sur 10

Statistiques - réponses

QuestionRéponse% Correct
Qui est le plus grand des enfants Weasley ?Bill
85%
Qui n'a jamais été professeur à Poudlard ?Cornelius Fudge
82%
Comment s'appelle la sœur de Fleur Delacour ?Gabrielle
81%
Qui n'a jamais joué dans l'équipe de Quidditch de Gryffondor ?Colin Creevey
76%
Qui est la sœur de la mère du cousin du meilleur ami de Ron Weasley ?Lily Potter
71%
Qui détruit la coupe de Poufsouffle ?Hermione Granger
63%
Qui était le prédécesseur de McGonagall au poste de professeur de métamorphose ?Albus Dumbledore
62%
Quel est le prénom de l'enfant de Nymphadora Tonks et Remus Lupin ?Teddy
62%
Combien de sœurs Narcissa Malefoy a-t-elle ?2
41%
Qui est le propriétaire du Mimbulus Mimbletonia ?Neville Londubat
40%

Distribution des résultats

Percentile par nombre de réponses

% des personnes avec chaque résultat

Votre développement - résultats

Vous n’avez pas pris ce quiz